000 00320nam a22001337a 4500
020 _a978-1-4440-0008-5
082 _a823
_bSIM/H
100 _aFRANCESCA SIMON
245 _aHORRID HENRY'S DOUBLE DARE
260 _aUNITED KINGDOM
_bORION
_c2009
300 _a55
650 _aCHILDRENS STORY BOOK
_zUNITED KINGDOM
942 _cBK
999 _c63
_d63